000 00703nam a2200217 i 4500
001 141155
003 ES-MaACL
005 20230906200232.0
007 t|
008 070919s1914 sp ||||1| spa d
100 1 _aYvon, Paul.
_9117769
245 1 0 _aManual de análisis de orinas y de semiología urinaria /
_cpor P. Yvon, Ch. Michel ; traducida por Joaquín Olmedilla y Puig.
250 _a3ª ed.
260 _aMadrid :
_bBailley-Baillière,
_c1914.
300 _a719 p. :
_bil. ;
_c18 cm.
650 1 4 _aOrina-
_xAnálisis.
_915774
700 1 _aMichel, Ch.
_980890
700 1 _aOlmedilla y Puig, Joaquín,
_d1842-1914
_986949
852 _aES-MaACL
_jB-11680
999 _c141155
_d141155